[Event "C.to Regionale Calabria"]
[Site "Catanzaro ITA"]
[Date "2006.06.02"]
[Round "2"]
[White "Valotta, Massimiliano"]
[Black "Rizzuti, Pasquale"]
[Result "1-0"]
[WhiteElo "1868"]
[BlackElo "1847"]
[PlyCount "94"]
[EventDate "2006.06.02"]

1. e4 Nf6 2. e5 Nd5 3. c4 Nb6 4. d4 d6 5. f4 Bf5 6. Bd3 Bxd3 7. Qxd3 dxe5 8.
fxe5 e6 9. Nf3 Bb4+ 10. Nc3 c5 11. a3 Ba5 12. O-O Bxc3 13. bxc3 Nc6 14. Ng5
Nxe5 15. Qe4 cxd4 16. Qxe5 O-O 17. Qe4 g6 18. Qh4 h5 19. g4 dxc3 20. gxh5 Qd3
21. hxg6 Qxg6 22. Rf6 Qg7 23. Be3 Nd7 24. Bd4 c2 25. Rg6 fxg6 26. Bxg7 Kxg7 27.
Nxe6+ Kf7 28. Nxf8 Rxf8 29. Rf1+ Kg7 30. Rxf8 c1=Q+ 31. Rf1 Qe3+ 32. Qf2 Qg5+
33. Kh1 Nf6 34. Qxa7 Qe5 35. Qxb7+ Kh6 36. Qf3 Nh5 37. Qf8+ Ng7 38. Qf4+ Qxf4
39. Rxf4 Kg5 40. Rf1 Ne6 41. Kg2 Nc5 42. Kf3 Kf5 43. Ke3+ Ke5 44. Rg1 Kf5 45.
h4 Nd7 46. c5 Nf6 47. Rg5+ Ke6 1-0

[Event "C.to Regionale Calabria"]
[Site "Catanzaro ITA"]
[Date "2006.06.02"]
[Round "2"]
[White "Zavaglia, Giuseppe"]
[Black "Abatino, Maurizio"]
[Result "0-1"]
[WhiteElo "1808"]
[BlackElo "2205"]
[PlyCount "126"]
[EventDate "2006.06.02"]

1. e4 e6 2. d4 d5 3. Nc3 Bb4 4. e5 Ne7 5. Qg4 c5 6. a3 cxd4 7. Bb5+ Bd7 8.
Bxd7+ Nxd7 9. Qxd4 Nc6 10. Qd2 Bxc3 11. Qxc3 Qc7 12. Nf3 Ndxe5 13. Nxe5 Qxe5+
14. Qxe5 Nxe5 15. O-O Rc8 16. Re1 Nd7 17. c3 O-O 18. Be3 b6 19. Kf1 Rfe8 20.
Rad1 Nb8 21. f3 Nc6 22. Re2 f6 23. f4 Rcd8 24. Red2 Na5 25. Rd3 Nc4 26. Bc1 g6
27. Kf2 Nd6 28. Kf3 Rc8 29. g3 Kf7 30. Be3 Nc4 31. Rd4 Nd6 32. R4d3 Rc7 33. Bc1
Rec8 34. Be3 Nf5 35. Bf2 Rc6 36. Be1 Nd6 37. Bd2 b5 38. Be3 Nc4 39. Bc1 a5 40.
b3 Nd6 41. Bb2 Ne4 42. Rc1 Nc5 43. Re3 Nxb3 44. Rce1 Nc5 45. Rb1 Ne4 46. Rd3
Nxc3 47. Rxc3 Rxc3+ 48. Bxc3 Rxc3+ 49. Ke2 Rc5 50. Kd3 Ke7 51. g4 Kd6 52. h4 e5
53. fxe5+ fxe5 54. h5 e4+ 55. Kd4 Rc4+ 56. Ke3 b4 57. axb4 axb4 58. hxg6 hxg6
59. Kf4 Kc5 60. g5 Kd6 61. Rb3 e3+ 62. Kf3 Re4 63. Rd3 e2 0-1

[Event "C.to Regionale Calabria"]
[Site "Catanzaro ITA"]
[Date "2006.06.03"]
[Round "3"]
[White "Abatino, Maurizio"]
[Black "Valotta, Massimiliano"]
[Result "0-1"]
[WhiteElo "2205"]
[BlackElo "1868"]
[PlyCount "82"]
[EventDate "2006.06.02"]

1. d4 d5 2. c4 e6 3. Nc3 Nf6 4. Bg5 Be7 5. e3 O-O 6. Nf3 Nbd7 7. Rc1 c6 8. a3
h6 9. Bh4 Ne8 10. Bxe7 Qxe7 11. Bd3 Nef6 12. O-O e5 13. dxe5 Nxe5 14. cxd5 Bg4
15. Be2 Rad8 16. Nxe5 Bxe2 17. Qxe2 Qxe5 18. dxc6 bxc6 19. Rfd1 Rb8 20. b4 a5
21. Qc4 axb4 22. axb4 Rfe8 23. h3 Qe7 24. Rb1 Nd7 25. e4 Ne5 26. Qb3 Qg5 27.
Ne2 Ng6 28. Rd7 Qf6 29. Ng3 Rb5 30. Nf5 Rd8 31. Rbd1 Rxd7 32. Rxd7 Ne5 33. Rd1
c5 34. Qa4 Rxb4 35. Qe8+ Kh7 36. Ne7 h5 37. Qg8+ Kh6 38. Rd6 Rb1+ 39. Kh2 Nf3+
40. gxf3 Qxd6+ 41. f4 Qxf4+ 0-1

[Event "C.to Regionale Calabria"]
[Site "Catanzaro ITA"]
[Date "2006.06.03"]
[Round "3"]
[White "Blasco, Domenico"]
[Black "Prete, Ugo"]
[Result "1-0"]
[WhiteElo "2008"]
[BlackElo "1413"]
[PlyCount "89"]
[EventDate "2006.06.02"]

1. d4 d6 2. Nf3 Nf6 3. c4 Bg4 4. e3 g6 5. Be2 Bg7 6. Nc3 O-O 7. O-O c6 8. h3
Bf5 9. Re1 Ne4 10. Nxe4 Bxe4 11. Ng5 Bf5 12. e4 Bd7 13. Be3 Na6 14. Qd2 Nc7 15.
Rad1 Ne8 16. e5 f6 17. e6 fxg5 18. exd7 Qxd7 19. Bg4 e6 20. Bxg5 Nc7 21. d5
cxd5 22. cxd5 Rae8 23. dxe6 Nxe6 24. Qd5 Kh8 25. Rxe6 Qf7 26. Be3 Be5 27. Rxe8
Qxe8 28. Bd4 h5 29. Bxe5+ dxe5 30. Bf3 Qe7 31. Qxb7 Qc5 32. Qe4 Kh7 33. Rd7+
Kh6 34. Qe3+ Qxe3 35. fxe3 a6 36. Rd6 Rb8 37. b3 a5 38. Rd5 Rc8 39. Rxa5 Rc1+
40. Kh2 e4 41. Bxe4 Re1 42. Ra6 h4 43. Rxg6+ Kh5 44. Re6 Re2 45. Bf3+ 1-0

[Event "C.to Regionale Calabria"]
[Site "Catanzaro ITA"]
[Date "2006.06.03"]
[Round "3"]
[White "Condello, Giuseppe"]
[Black "Forlano, Luigi"]
[Result "0-1"]
[WhiteElo "1825"]
[BlackElo "2013"]
[PlyCount "76"]
[EventDate "2006.06.02"]

1. b3 d5 2. Bb2 Nf6 3. e3 c6 4. Nf3 e6 5. Be2 Nbd7 6. O-O Bd6 7. d4 Qe7 8. Ne5
O-O 9. Nd2 Ne8 10. f4 f6 11. Ng4 e5 12. fxe5 fxe5 13. Rxf8+ Kxf8 14. Qf1+ Kg8
15. Re1 e4 16. Qf5 g6 17. Qf1 h5 18. Nf2 Ndf6 19. c4 Be6 20. cxd5 cxd5 21. Rc1
Ng7 22. Nh3 Rf8 23. Nf4 Ng4 24. Bxg4 Bxg4 25. Qb5 Bxf4 26. exf4 e3 27. Nf3 Bxf3
28. gxf3 Rd8 29. Qe2 Nf5 30. Rd1 Qh4 31. Qg2 Kh8 32. Kh1 Qxf4 33. Rf1 g5 34.
Rg1 Nh4 35. Qxg5 Qxf3+ 36. Rg2 Qxg2+ 37. Qxg2 Nxg2 38. Kxg2 Rf8 0-1

[Event "C.to Regionale Calabria"]
[Site "Catanzaro ITA"]
[Date "2006.06.03"]
[Round "3"]
[White "Mercuri, Delia"]
[Black "Taurino, Fabrizio"]
[Result "0-1"]
[WhiteElo "1433"]
[BlackElo "1580"]
[PlyCount "60"]
[EventDate "2006.06.02"]

1. e4 c5 2. Nf3 d6 3. d4 cxd4 4. Nxd4 g6 5. Bb5+ Bd7 6. Bxd7+ Qxd7 7. O-O Bg7
8. Nc3 Nc6 9. Be3 Nf6 10. h3 O-O 11. f4 Rfe8 12. Qd2 e5 13. Ndb5 Red8 14. Rad1
Bf8 15. fxe5 Ne8 16. Bc5 Qe6 17. exd6 Rd7 18. Qf4 a6 19. Nd5 axb5 20. Nb6 Rxa2
21. Nxd7 Qxd7 22. e5 Ng7 23. Rb1 Ne6 24. Qf2 Nxc5 25. Qxc5 Na7 26. Qd5 Ra6 27.
Rbd1 Nc8 28. Qxf7+ Qxf7 29. Rxf7 Kxf7 30. d7 Bc5+ 0-1

[Event "C.to Regionale Calabria"]
[Site "Catanzaro ITA"]
[Date "2006.06.03"]
[Round "3"]
[White "Paragliola, Gennaro"]
[Black "Zavaglia, Giuseppe"]
[Result "0-1"]
[WhiteElo "1529"]
[BlackElo "1808"]
[PlyCount "58"]
[EventDate "2006.06.02"]

1. d4 Nf6 2. c4 e6 3. Nc3 Bb4 4. Bg5 b6 5. e3 Bb7 6. Nf3 O-O 7. Qc2 h6 8. Bxf6
Qxf6 9. Be2 d6 10. O-O-O Bxc3 11. Qxc3 Be4 12. Rhg1 a5 13. a4 Nc6 14. d5 Qxc3+
15. bxc3 Nd8 16. Rd4 Bxf3 17. Bxf3 e5 18. Rh4 Nb7 19. g4 Nc5 20. g5 hxg5 21.
Rxg5 g6 22. Bh5 Kg7 23. Bd1 Rh8 24. Rxh8 Rxh8 25. Rg2 Rh4 26. Bg4 Nxa4 27. Kc2
Nc5 28. f3 Kh6 29. Bc8 Rxc4 0-1

[Event "C.to Regionale Calabria"]
[Site "Catanzaro ITA"]
[Date "2006.06.03"]
[Round "3"]
[White "Rizzuti, Pasquale"]
[Black "Luvera', Filippo"]
[Result "1/2-1/2"]
[WhiteElo "1847"]
[BlackElo "1832"]
[PlyCount "85"]
[EventDate "2006.06.02"]

1. Nf3 Nf6 2. g3 g6 3. Bg2 Bg7 4. O-O O-O 5. c3 c6 6. d4 d5 7. Nbd2 Nbd7 8. Re1
c5 9. e4 dxe4 10. Nxe4 Nxe4 11. Rxe4 Nf6 12. Re2 Bg4 13. Be3 cxd4 14. Bxd4 Qd7
15. Rd2 Rfd8 16. Qe1 Bxf3 17. Bxf3 e6 18. Rad1 Qb5 19. Qe5 Qa6 20. a3 Rd7 21.
Qe2 Qxe2 22. Bxe2 Ne4 23. Rd3 Nf6 24. Bf3 Rad8 25. R3d2 e5 26. Be3 Rxd2 27.
Rxd2 Rxd2 28. Bxd2 b6 29. Bc6 Kf8 30. f3 Ke7 31. Kf1 Kd6 32. Bb7 Nd7 33. b4 f5
34. Ke2 Nb8 35. a4 Nc6 36. c4 Kc7 37. Ba6 Bf8 38. c5 bxc5 39. bxc5 Bxc5 40. Bc3
Nd4+ 41. Bxd4 Bxd4 42. Bc4 g5 43. Bd3 1/2-1/2

[Event "C.to Regionale Calabria"]
[Site "Catanzaro ITA"]
[Date "2006.06.03"]
[Round "3"]
[White "Serratore, Vincenzo"]
[Black "Familari, Giuseppe"]
[Result "1-0"]
[WhiteElo "2046"]
[BlackElo "1600"]
[PlyCount "45"]
[EventDate "2006.06.02"]

1. d4 Nf6 2. Bf4 d5 3. e3 Bf5 4. Nf3 e6 5. Nbd2 Bd6 6. Ne5 Nfd7 7. h4 f6 8. Nd3
Qe7 9. Bxd6 cxd6 10. Qf3 h5 11. Nf4 g6 12. Bd3 Bxd3 13. Nxd3 Nc6 14. Nf4 Rg8
15. g4 hxg4 16. Qxg4 f5 17. Qg2 O-O-O 18. Nxg6 Qh7 19. h5 Rg7 20. O-O-O Nf6 21.
Qf3 Kd7 22. Rh3 Rh8 23. Nxh8 1-0

[Event "C.to Regionale Calabria"]
[Site "Catanzaro ITA"]
[Date "2006.06.03"]
[Round "3"]
[White "Soluri, Francesco"]
[Black "Cordi', Domenico"]
[Result "0-1"]
[WhiteElo "1473"]
[BlackElo "2065"]
[PlyCount "58"]
[EventDate "2006.06.02"]

1. d4 Nf6 2. Nf3 c5 3. c3 e6 4. g3 d5 5. Bg5 h6 6. Bxf6 Qxf6 7. Bg2 Nc6 8. O-O
Bd7 9. e3 g5 10. Nbd2 O-O-O 11. a4 h5 12. a5 h4 13. Ne5 Nxe5 14. dxe5 Qxe5 15.
Nf3 Qg7 16. a6 b6 17. Nd2 hxg3 18. Qf3 gxf2+ 19. Rxf2 Bd6 20. Bh1 g4 21. Qxf7
Qxf7 22. Rxf7 Rxh2 23. Bg2 Rdh8 24. Raf1 Rxg2+ 25. Kxg2 Rh2+ 26. Kg1 Rxd2 27.
Rg7 d4 28. Rff7 Bh2+ 29. Kf1 dxe3 0-1

[Event "C.to Regionale Calabria"]
[Site "Catanzaro ITA"]
[Date "2006.06.03"]
[Round "3"]
[White "Zampaglione, Francesco"]
[Black "Scalise, Sandro"]
[Result "0-1"]
[WhiteElo "1437"]
[BlackElo "1628"]
[PlyCount "32"]
[EventDate "2006.06.02"]

1. d4 Nf6 2. Nf3 e6 3. Bg5 Be7 4. Bxf6 Bxf6 5. e3 b6 6. g3 Bb7 7. Bg2 O-O 8.
O-O d6 9. c4 c5 10. Ne1 Bxg2 11. Nxg2 Nc6 12. Qd2 cxd4 13. exd4 Nxd4 14. Qc1
Ne2+ 15. Kh1 Nxc1 16. Rxc1 Bxb2 0-1

[Event "C.to Regionale Calabria"]
[Site "Catanzaro ITA"]
[Date "2006.06.03"]
[Round "4"]
[White "Alo', Lucio"]
[Black "Soluri, Francesco"]
[Result "1-0"]
[WhiteElo "1628"]
[BlackElo "1473"]
[PlyCount "89"]
[EventDate "2006.06.02"]

1. Nf3 d6 2. e4 g6 3. d4 Bg7 4. Bd2 Bg4 5. Bc3 Nd7 6. h3 Bxf3 7. Qxf3 e5 8. Bc4
Ngf6 9. dxe5 dxe5 10. Na3 c6 11. Rd1 Qc7 12. O-O O-O 13. Nb1 Nb6 14. Bb3 Rad8
15. Ba5 Rd7 16. c4 c5 17. Nc3 Rfd8 18. Nb5 Qb8 19. Bxb6 axb6 20. Rxd7 Rxd7 21.
Nc3 Qd8 22. Nd5 Nxd5 23. cxd5 Rd6 24. Bc4 Qd7 25. Qe2 Qc7 26. b3 Bf8 27. f4 Qe7
28. f5 Qg5 29. fxg6 hxg6 30. Qf3 Qe7 31. Qg4 Bg7 32. h4 Qe8 33. a4 Qe7 34. Bb5
Rf6 35. Rxf6 Bxf6 36. h5 g5 37. Bd7 Bg7 38. Bb5 Bh6 39. Qf5 Kg7 40. Bc4 Qd6 41.
Qc8 Qe7 42. Qf5 Qd6 43. g4 Qe7 44. d6 Qf6 45. d7 1-0

[Event "C.to Regionale Calabria"]
[Site "Catanzaro ITA"]
[Date "2006.06.03"]
[Round "4"]
[White "Bellisario, Carlo"]
[Black "Calomeni, Gianpaolo"]
[Result "0-1"]
[WhiteElo "1700"]
[BlackElo "1440"]
[PlyCount "48"]
[EventDate "2006.06.02"]

1. c4 e5 2. Nc3 Nc6 3. g3 Bb4 4. Bg2 Bxc3 5. dxc3 d6 6. e3 Nf6 7. Ne2 Bd7 8.
O-O O-O 9. b4 a6 10. a4 Re8 11. Bb2 e4 12. Qd2 Ne5 13. c5 Bh3 14. Nd4 dxc5 15.
bxc5 Bg4 16. Qc2 Nf3+ 17. Nxf3 Bxf3 18. Bxf3 exf3 19. Qf5 Qd2 20. Rab1 Rxe3 21.
Bc1 Qd3 22. Qg5 Re6 23. Rxb7 Rd8 24. h3 Qxf1+ 0-1

[Event "C.to Regionale Calabria"]
[Site "Catanzaro ITA"]
[Date "2006.06.03"]
[Round "4"]
[White "Cordi', Domenico"]
[Black "Sgro', Daniele"]
[Result "1-0"]
[WhiteElo "2065"]
[BlackElo "1434"]
[PlyCount "75"]
[EventDate "2006.06.02"]

1. d4 d5 2. c4 c6 3. Nc3 Nf6 4. Nf3 e6 5. Bg5 Be7 6. e3 Nbd7 7. Be2 h6 8. Bh4
O-O 9. O-O Re8 10. Qc2 Nf8 11. Ne5 N6d7 12. Bxe7 Qxe7 13. f4 f6 14. Nf3 f5 15.
Ne5 Qf6 16. Kh1 Rd8 17. Bd3 Nxe5 18. fxe5 Qg5 19. Rf3 b6 20. cxd5 cxd5 21. Nb5
Qe7 22. Nd6 Bb7 23. Rc1 Rd7 24. h3 Ng6 25. Rg3 Kh7 26. Nxf5 exf5 27. Bxf5 Rc7
28. Bxg6+ Kh8 29. Qxc7 Qxc7 30. Rxc7 Ba6 31. Rf3 Be2 32. Rff7 Bh5 33. Bxh5 Kg8
34. Rxg7+ Kh8 35. e6 a5 36. Rh7+ Kg8 37. Rcg7+ Kf8 38. e7# 1-0

[Event "C.to Regionale Calabria"]
[Site "Catanzaro ITA"]
[Date "2006.06.03"]
[Round "4"]
[White "De Rasis, Giovanni"]
[Black "Prete, Ugo"]
[Result "1-0"]
[WhiteElo "1476"]
[BlackElo "1413"]
[PlyCount "49"]
[EventDate "2006.06.02"]

1. d4 Nf6 2. c4 d6 3. Nc3 g6 4. e4 Bg7 5. Be2 O-O 6. f4 Nfd7 7. Nf3 e5 8. O-O
Nc6 9. Be3 exd4 10. Nxd4 Ne7 11. Qd2 Nf6 12. f5 Bd7 13. Bh6 Nc6 14. Bxg7 Kxg7
15. Rf4 Ne5 16. Raf1 Rc8 17. fxg6 fxg6 18. Nd5 Nfg4 19. h3 Rxf4 20. Nxf4 Qh4
21. hxg4 Nxg4 22. Nfe6+ Kg8 23. Qf4 Bxe6 24. Nxe6 h5 25. Qf7+ 1-0

[Event "C.to Regionale Calabria"]
[Site "Catanzaro ITA"]
[Date "2006.06.03"]
[Round "4"]
[White "Forlano, Luigi"]
[Black "Blasco, Domenico"]
[Result "1/2-1/2"]
[WhiteElo "2013"]
[BlackElo "2008"]
[PlyCount "63"]
[EventDate "2006.06.02"]

1. c4 g6 2. g3 Bg7 3. Bg2 c5 4. Nc3 Nc6 5. a3 e6 6. b4 cxb4 7. axb4 Nxb4 8. Ba3
Nc6 9. Ne4 Nge7 10. Nd6+ Kf8 11. Nf3 h6 12. Rb1 Rb8 13. O-O Kg8 14. d4 Nf5 15.
d5 Ne5 16. e4 Nxf3+ 17. Qxf3 Nxd6 18. Bxd6 Ra8 19. Qa3 Bf8 20. dxe6 dxe6 21.
Rfd1 Bxd6 22. Rxd6 Qc7 23. Rbd1 Kh7 24. Qe3 Qe7 25. e5 a5 26. Be4 a4 27. Qa3
Ra5 28. c5 Qc7 29. Qf3 Qe7 30. Qc3 Qc7 31. Qf3 Qe7 32. Qc3 1/2-1/2

[Event "C.to Regionale Calabria"]
[Site "Catanzaro ITA"]
[Date "2006.06.03"]
[Round "4"]
[White "Luvera', Filippo"]
[Black "Condello, Giuseppe"]
[Result "1/2-1/2"]
[WhiteElo "1832"]
[BlackElo "1825"]
[PlyCount "112"]
[EventDate "2006.06.02"]

1. e4 e6 2. d4 d5 3. exd5 exd5 4. c4 Nf6 5. Nc3 c6 6. Nf3 Be7 7. Bd3 O-O 8. O-O
dxc4 9. Bxc4 Bg4 10. Be3 Nbd7 11. h3 Bh5 12. Be2 Qc7 13. Rc1 Rfd8 14. Qb3 Qb6
15. Qxb6 Nxb6 16. Rfd1 Bxf3 17. Bxf3 Nc4 18. Rc2 Nxe3 19. fxe3 Bb4 20. a3 Bxc3
21. Rxc3 Re8 22. Kf2 Ne4+ 23. Bxe4 Rxe4 24. Kf3 f5 25. g4 g6 26. gxf5 gxf5 27.
Rc5 Rae8 28. Rd3 Rf8 29. b4 a6 30. d5 cxd5 31. Rcxd5 Kg7 32. Rd7+ Rf7 33. R3d5
Rh4 34. Kg3 Rc4 35. Rxf7+ Kxf7 36. Rxf5+ Ke6 37. Rh5 Rc7 38. Kf4 Kf6 39. Rc5
Rd7 40. b5 axb5 41. Rxb5 Rc7 42. h4 Kg6 43. e4 Rc3 44. a4 Rh3 45. Rxb7 Rxh4+
46. Ke5 Rh5+ 47. Kd6 Ra5 48. Rb4 Kf6 49. e5+ Kf5 50. Rh4 Ra6+ 51. Kd5 h6 52. e6
Ra5+ 53. Kd6 Ra6+ 54. Kd7 Ra7+ 55. Kd6 Ra6+ 56. Kd7 Ra7+ 1/2-1/2

[Event "C.to Regionale Calabria"]
[Site "Catanzaro ITA"]
[Date "2006.06.03"]
[Round "4"]
[White "Mercurio, Rosario"]
[Black "Paragliola, Gennaro"]
[Result "0-1"]
[WhiteElo "1333"]
[BlackElo "1529"]
[PlyCount "96"]
[EventDate "2006.06.02"]

1. Nf3 Nf6 2. g3 g6 3. Bg2 Bg7 4. O-O O-O 5. Re1 Nc6 6. d4 d5 7. Nc3 a6 8. e4
dxe4 9. Nxe4 Nxe4 10. Rxe4 Bf5 11. Re2 Qd7 12. c3 Bg4 13. Qb3 Rab8 14. Bf4 e6
15. Rd1 Ne7 16. h3 Bxf3 17. Bxf3 Nd5 18. Bc1 Rfd8 19. Bg4 h5 20. Bf3 b6 21. Bg5
Bf6 22. Bc1 Kg7 23. h4 Ne7 24. Rde1 Nd5 25. Kh2 Qd6 26. Kg2 Ne7 27. Bf4 Qd7 28.
Qc4 Rdc8 29. Qxa6 Nf5 30. Qc4 Bxh4 31. Be4 Bf6 32. Bc6 Qe7 33. Qb5 Nd6 34. Qd3
Nf5 35. d5 Rd8 36. c4 Qc5 37. Bxc7 Qxc6 38. Bxb8 exd5 39. Be5 Bxe5 40. Rxe5
dxc4+ 41. Qf3 Qxf3+ 42. Kxf3 Rd2 43. Rb5 Nd4+ 44. Ke3 Rd3+ 45. Ke4 Nxb5 46. Re2
f5+ 47. Kf4 Kf6 48. Rc2 g5# 0-1

[Event "C.to Regionale Calabria"]
[Site "Catanzaro ITA"]
[Date "2006.06.03"]
[Round "4"]
[White "Scalise, Sandro"]
[Black "Rizzuti, Pasquale"]
[Result "0-1"]
[WhiteElo "1628"]
[BlackElo "1847"]
[PlyCount "93"]
[EventDate "2006.06.02"]

1. d4 c5 2. e4 cxd4 3. c3 d6 4. Bc4 Nf6 5. Qf3 dxc3 6. Ne2 Bg4 7. Bb5+ Nc6 8.
Qxc3 Rc8 9. f3 Bd7 10. Bg5 a5 11. Qb3 h6 12. Bc4 Ne5 13. Bxf6 Nxc4 14. Bc3 b5
15. O-O b4 16. Bd4 e5 17. Bf2 Be7 18. Rd1 O-O 19. a3 Be6 20. axb4 axb4 21. Qxb4
Rb8 22. Qc3 Nxb2 23. Rc1 Rb3 24. Qc7 Nd3 25. Qxd8 Bxd8 26. Rc3 Nxf2 27. Kxf2
Bb6+ 28. Ke1 Rb2 29. Rc6 Bc5 30. Rc7 Rfb8 31. Nbc3 Rc2 32. Rb1 Rxb1+ 33. Nxb1
Bb4+ 34. Nec3 Rxg2 35. Rb7 Bc5 36. Nd5 Bxd5 37. exd5 Rxh2 38. Nc3 Rf2 39. Ne4
Rxf3 40. Nxc5 dxc5 41. d6 Rd3 42. d7 Kh7 43. Ke2 Rd4 44. Ke3 f6 45. Rc7 c4 46.
d8=Q Rxd8 47. Rxc4 0-1

[Event "C.to Regionale Calabria"]
[Site "Catanzaro ITA"]
[Date "2006.06.03"]
[Round "4"]
[White "Tassone, Francesco"]
[Black "Zampaglione, Francesco"]
[Result "0-1"]
[WhiteElo "1493"]
[BlackElo "1437"]
[PlyCount "86"]
[EventDate "2006.06.02"]

1. e4 e5 2. Nf3 Nc6 3. Bb5 Nge7 4. b3 a6 5. Be2 d5 6. exd5 Nxd5 7. d3 Bb4+ 8.
Bd2 Bxd2+ 9. Qxd2 Qf6 10. Nc3 Nxc3 11. Qxc3 Bf5 12. O-O O-O-O 13. Rad1 Rd6 14.
Rd2 e4 15. Qxf6 Rxf6 16. dxe4 Bxe4 17. Rfd1 Rd8 18. Ng5 Rxd2 19. Rxd2 Bg6 20.
Bf3 Nb4 21. Be4 Bxe4 22. Nxe4 Rc6 23. c4 Re6 24. f3 f6 25. Kf2 b5 26. cxb5 axb5
27. a3 Nc6 28. a4 bxa4 29. bxa4 Nb4 30. Rd4 Nc6 31. Rc4 Ne5 32. a5 Ra6 33. Ra4
Nc6 34. Nc5 Rxa5 35. Rxa5 Nxa5 36. Ne6 g5 37. g3 Kd7 38. Nd4 c5 39. Nb5 c4 40.
Ke2 Kc6 41. Na3 Kc5 42. Kd2 Kb4 43. Nb1 Nb3+ 0-1

[Event "C.to Regionale Calabria"]
[Site "Catanzaro ITA"]
[Date "2006.06.03"]
[Round "4"]
[White "Valotta, Massimiliano"]
[Black "Serratore, Vincenzo"]
[Result "0-1"]
[WhiteElo "1868"]
[BlackElo "2046"]
[PlyCount "60"]
[EventDate "2006.06.02"]

1. c4 c5 2. Nc3 Nc6 3. e3 e5 4. d3 Nf6 5. Nge2 d6 6. g3 Be6 7. Bg2 Qd7 8. Ne4
Nxe4 9. Bxe4 Be7 10. Nc3 O-O 11. a3 f5 12. Bd5 Bf6 13. Qa4 Kh8 14. Qb5 Rab8 15.
Bd2 a6 16. Bxe6 Qxe6 17. Qb3 e4 18. Nd5 Ne5 19. Nf4 Nf3+ 20. Ke2 Qe8 21. Bc3
exd3+ 22. Nxd3 Bxc3 23. Qxc3 Qe4 24. Raf1 b5 25. b3 b4 26. axb4 h6 27. bxc5
Rxb3 28. Qa5 Rxd3 29. cxd6 Nd4+ 30. Ke1 Qf3 0-1

[Event "C.to Regionale Calabria"]
[Site "Catanzaro ITA"]
[Date "2006.06.03"]
[Round "4"]
[White "Zavaglia, Giuseppe"]
[Black "Familari, Giuseppe"]
[Result "1-0"]
[WhiteElo "1808"]
[BlackElo "1600"]
[PlyCount "115"]
[EventDate "2006.06.02"]

1. e4 c6 2. d4 d5 3. Nc3 dxe4 4. Nxe4 Bf5 5. Ng3 Bg6 6. Nf3 Nd7 7. h4 h6 8. Bd3
Bxd3 9. Qxd3 Ngf6 10. Bd2 e6 11. O-O-O Qc7 12. c4 b5 13. cxb5 cxb5+ 14. Kb1 Qb7
15. Rhe1 Be7 16. Rc1 O-O 17. Nf5 Nd5 18. Nxe7+ Nxe7 19. Bb4 Rfe8 20. Bxe7 Rxe7
21. d5 Nf6 22. d6 Rd8 23. Ne5 Ree8 24. Red1 Nd7 25. Nc6 Nf6 26. Nxd8 Rxd8 27.
Rc7 Qb6 28. Qd4 Nd5 29. Qxb6 axb6 30. Rc6 Kf8 31. Rdc1 Ke8 32. a3 g6 33. R1c2
Rd7 34. Kc1 Rd8 35. g3 h5 36. Kd2 b4 37. Kd3 Kd7 38. Ke4 bxa3 39. bxa3 Nf6+ 40.
Kf4 Nd5+ 41. Kg5 b5 42. Kh6 Ra8 43. Kg7 Rxa3 44. Kxf7 Nb4 45. R2c3 Rxc3 46.
Rxc3 Kxd6 47. Kxg6 Nd5 48. Rb3 Kc5 49. Kxh5 Kc4 50. Rb1 b4 51. Kg6 b3 52. h5
Ne7+ 53. Kf6 Nf5 54. Kxe6 Ng7+ 55. Kf6 Nxh5+ 56. Kg6 Nxg3 57. fxg3 Kc3 58. Kf5
1-0

[Event "C.to Regionale Calabria"]
[Site "Catanzaro ITA"]
[Date "2006.06.04"]
[Round "5"]
[White "Abatino, Maurizio"]
[Black "Alo', Lucio"]
[Result "1-0"]
[WhiteElo "2205"]
[BlackElo "1628"]
[PlyCount "63"]
[EventDate "2006.06.02"]

1. d4 d5 2. c4 dxc4 3. Nf3 e6 4. e3 Nf6 5. Bxc4 Be7 6. Nc3 O-O 7. O-O Nc6 8.
Qe2 Bb4 9. Rd1 Bxc3 10. bxc3 Ne4 11. Qc2 Nd6 12. Bd3 f5 13. Ba3 Rf7 14. Ne5 Rf6
15. Bf1 Rh6 16. g3 Qg5 17. Bxd6 cxd6 18. Nf3 Qf6 19. Bg2 Bd7 20. Re1 Rc8 21.
Rac1 Nb4 22. Qd2 Nd5 23. c4 Nb6 24. Qb4 e5 25. dxe5 dxe5 26. c5 e4 27. Nd4 Nd5
28. Qxb7 Rc7 29. Qxd5+ Be6 30. Nxe6 Qxe6 31. Qd8+ Kf7 32. Qxc7+ 1-0

[Event "C.to Regionale Calabria"]
[Site "Catanzaro ITA"]
[Date "2006.06.04"]
[Round "5"]
[White "Blasco, Domenico"]
[Black "Cordi', Domenico"]
[Result "0-1"]
[WhiteElo "2008"]
[BlackElo "2065"]
[PlyCount "74"]
[EventDate "2006.06.02"]

1. d4 Nf6 2. Nf3 e6 3. Bf4 c5 4. c3 Nc6 5. e3 Be7 6. Nbd2 d5 7. Bd3 Nh5 8. Bg3
g6 9. Qe2 Nxg3 10. hxg3 Bd7 11. O-O-O Qb6 12. Rh6 Bf8 13. Rh2 Bg7 14. Rdh1 h6
15. Bb5 O-O-O 16. Bxc6 Bxc6 17. Ne5 Bb5 18. Qd1 Qc7 19. Ndf3 Kb8 20. Kb1 Rc8
21. Ng4 h5 22. Nge5 Rhg8 23. g4 hxg4 24. Nxg4 a5 25. Nge5 a4 26. a3 Be8 27. Rh7
Qb6 28. g4 f6 29. Nd3 cxd4 30. exd4 Rxc3 31. Nb4 Rc4 32. Qd2 g5 33. Nxg5 Bg6+
34. Ka2 fxg5 35. R7h3 Rxd4 36. Qxg5 Rxb4 37. axb4 Qxb4 0-1

[Event "C.to Regionale Calabria"]
[Site "Catanzaro ITA"]
[Date "2006.06.04"]
[Round "5"]
[White "De Rasis, Giovanni"]
[Black "Luvera', Filippo"]
[Result "0-1"]
[WhiteElo "1476"]
[BlackElo "1832"]
[PlyCount "54"]
[EventDate "2006.06.02"]

1. d4 d5 2. c4 e6 3. Nf3 Nf6 4. Bg5 Be7 5. Nc3 Nbd7 6. e3 O-O 7. Bd3 h6 8. h4
c5 9. Bf4 cxd4 10. exd4 dxc4 11. Bxc4 Nb6 12. Qd3 Bd7 13. Bb3 Nbd5 14. Be5 Nb4
15. Qd1 Bc6 16. a3 Nbd5 17. g4 Nxg4 18. Qd3 Nxe5 19. dxe5 Nxc3 20. Qxc3 Bxf3
21. Qxf3 Qa5+ 22. Qc3 Qxc3+ 23. bxc3 Rfd8 24. Rh3 Rac8 25. h5 Bg5 26. Ra2 Rc5
27. Re2 Bf4 0-1

[Event "C.to Regionale Calabria"]
[Site "Catanzaro ITA"]
[Date "2006.06.04"]
[Round "5"]
[White "Fittante, Enrico"]
[Black "Piccoli, Vincenzo"]
[Result "0-1"]
[WhiteElo "1437"]
[BlackElo "1667"]
[PlyCount "96"]
[EventDate "2006.06.02"]

1. e4 d5 2. Nc3 d4 3. Nd5 c6 4. Nb4 e5 5. Nf3 Bxb4 6. Nxe5 Qe7 7. Nf3 Qxe4+ 8.
Be2 Ne7 9. O-O O-O 10. d3 Qg6 11. Bf4 c5 12. a3 Ba5 13. Ne5 Qf6 14. Bg3 Nf5 15.
Nc4 Nxg3 16. fxg3 Qd8 17. Bf3 Nc6 18. Be4 Bc7 19. Qh5 h6 20. Rf2 Qg5 21. Qe2
Bg4 22. Qf1 Be6 23. Nd2 Rab8 24. Nf3 Qe7 25. Re1 Qd7 26. Rfe2 c4 27. Nh4 Ba5
28. Rd1 cxd3 29. Bxd3 Ne7 30. b4 Bb6 31. Kh1 Bg4 32. Nf3 Rfe8 33. c4 Ng6 34. c5
Bxf3 35. Qxf3 Rxe2 36. Qxe2 Bc7 37. Re1 a6 38. Qe4 Kf8 39. Rf1 Ne5 40. Bc2 d3
41. Bb3 d2 42. Qh7 Rd8 43. Qh8+ Ke7 44. Qxg7 d1=Q 45. Bxd1 Qxd1 46. Kg1 Qd4+
47. Kh1 Qf2 48. Rg1 Nf3 0-1

[Event "C.to Regionale Calabria"]
[Site "Catanzaro ITA"]
[Date "2006.06.04"]
[Round "5"]
[White "Marincolo, Piercarlo"]
[Black "Valotta, Massimiliano"]
[Result "1/2-1/2"]
[WhiteElo "1679"]
[BlackElo "1868"]
[PlyCount "43"]
[EventDate "2006.06.02"]

1. e4 c5 2. Nf3 Nc6 3. d4 cxd4 4. Nxd4 d6 5. Nc3 e6 6. Be2 Be7 7. O-O Nf6 8.
Be3 O-O 9. Qd2 a6 10. a4 e5 11. Nxc6 bxc6 12. a5 Bb7 13. Bb6 Qb8 14. f4 Nd7 15.
Be3 exf4 16. Bxf4 Ne5 17. Bxe5 dxe5 18. Rf3 Bc5+ 19. Kh1 Qd8 20. Rd3 Qe8 21.
Rg3 Bf2 22. Rxg7+ 1/2-1/2

[Event "C.to Regionale Calabria"]
[Site "Catanzaro ITA"]
[Date "2006.06.04"]
[Round "5"]
[White "Mercuri, Delia"]
[Black "Mercurio, Rosario"]
[Result "0-1"]
[WhiteElo "1433"]
[BlackElo "1333"]
[PlyCount "104"]
[EventDate "2006.06.02"]

1. e4 e6 2. Nf3 d5 3. exd5 exd5 4. d4 c5 5. c4 Nc6 6. Be3 cxd4 7. Nxd4 Nxd4 8.
Bxd4 Bb4+ 9. Bc3 Qe7+ 10. Qe2 Bxc3+ 11. Nxc3 Qxe2+ 12. Bxe2 dxc4 13. Bxc4 Ne7
14. O-O O-O 15. Rad1 a6 16. Rfe1 Nf5 17. h3 b5 18. Bd5 Rb8 19. Re5 b4 20. Na4
Kh8 21. Rde1 Bd7 22. Nc5 Bc8 23. Bc6 Nd4 24. Bd5 Rb5 25. Re8 Kg8 26. Bxf7+ Kxf7
27. R1e7+ Kg8 28. Ne4 Nf5 29. Rxf8+ Kxf8 30. Rc7 Rb8 31. g4 Nd4 32. Nd6 Be6 33.
Ne4 Kg8 34. Re7 Bxa2 35. Nc5 Bc4 36. Nd7 Rd8 37. Ne5 Ne2+ 38. Kh2 Bb3 39. Kg2
Rf8 40. Nd7 Bd5+ 41. Kf1 Ng3+ 42. Ke1 Ne4 43. Nxf8 Kxf8 44. Ra7 Nc5 45. Kd2 Bb7
46. f4 Kf7 47. b3 Kf6 48. Ke3 g5 49. Kd4 Ne6+ 50. Kc4 Bg2 51. Rxa6 Bf1+ 52.
Kxb4 Bxa6 0-1